000 00595nam a2200229Ia 4500
003 OSt
005 20220924151951.0
006 a|||||r|||| 00| 0
007 ta
008 220923b |||||||| |||| 00| 0 mar d
024 _a340155
037 _cTextual
040 _aARTS
_cARTS
_bmar
041 _2mar
_amar
082 _aO155,1N232:g, M9
100 _aPatil M.S.
_9225425
245 0 _aSadanand Rege yanchey kavyashiv
260 _c1989
650 _aMARATHI LITERATURE
_938000
942 _hO155,1N232:g, M9
_cTEXL
_2CC
999 _c468227
_d468227